[Event "9. Forchheimer Sparkassen Open 2010"]
[Site "Forchheim"]
[Date "2010.10.02"]
[Round "3.9"]
[White "Winter, Jonathan"]
[Black "Wagner, Robert"]
[Result "1-0"]
[WhiteElo "1895"]
[BlackElo "1826"]
[PlyCount "37"]
[EventDate "2010.??.??"]
[WhiteTeam "SV Haunwöhr SAbt"]
[BlackTeam "SC Forchheim e.V."]

1. e4 c5 2. Nf3 d6 3. d4 cxd4 4. Nxd4 Nc6 5. Nc3 Nf6 6. Be2 g6 7. O-O Bg7 8.
Be3 O-O 9. Rb1 Bd7 10. f4 a6 11. h3 b5 12. Bf3 Rc8 13. Nb3 Na5 14. Nxa5 Qxa5
15. e5 Ne8 16. Nd5 dxe5 17. Nxe7+ Kh8 18. Qxd7 Rc7 19. Nc6 1-0

[Event "9. Forchheimer Sparkassen Open 2010"]
[Site "Forchheim"]
[Date "2010.10.02"]
[Round "3.10"]
[White "Nahlik, Bernhard"]
[Black "Niebler, Paul"]
[Result "0-1"]
[WhiteElo "1752"]
[BlackElo "1880"]
[PlyCount "105"]
[EventDate "2010.??.??"]
[WhiteTeam "SC Ansbach 1855 e.V."]
[BlackTeam "SV Haunwöhr SAbt"]

1. d4 d5 2. Nf3 Nf6 3. e3 g6 4. Bd3 Bg7 5. O-O O-O 6. Nbd2 Nbd7 7. c3 c5 8. b3
e5 9. Nxe5 Nxe5 10. dxe5 Ng4 11. Nf3 Nxe5 12. Nxe5 Bxe5 13. Bb2 Qh4 14. g3 Qf6
15. Rc1 Rd8 16. Re1 Bh3 17. Bf1 Bf5 18. Bg2 Rd7 19. Qe2 Rad8 20. f4 Bc7 21. c4
d4 22. e4 Re7 23. Rcd1 Ba5 24. e5 Bxe1 25. Qxe1 Qa6 26. a3 Bc2 27. Rc1 Bxb3 28.
Bd5 Ba4 29. g4 Bc6 30. Qe4 Bxd5 31. cxd5 b6 32. f5 Qb7 33. f6 Ree8 34. Qf4 Kh8
35. d6 Qd5 36. Re1 Re6 37. Qh6 Rg8 38. Qg5 Rge8 39. Qh6 Rg8 40. Qg5 b5 41. Qf4
Rge8 42. Qh6 Rg8 43. Qf4 g5 44. Qf5 Rg6 45. Kf2 a5 46. Bc1 d3 47. Bxg5 d2 48.
Rd1 Rxe5 49. Rxd2 Rxf5+ 50. gxf5 Qxf5+ 51. Ke1 Qxg5 52. d7 Qxd2+ 53. Kxd2 0-1

[Event "9. Forchheimer Sparkassen Open 2010"]
[Site "Forchheim"]
[Date "2010.10.02"]
[Round "3.11"]
[White "Pikal, Alexander"]
[Black "Larisch, Thomas"]
[Result "1-0"]
[WhiteElo "1876"]
[BlackElo "1597"]
[PlyCount "41"]
[EventDate "2010.??.??"]
[WhiteTeam "SC Ansbach 1855 e.V."]
[BlackTeam "RMV Conc. Strullendorf"]

1. f4 d5 2. Nf3 Nf6 3. e3 Bf5 4. b3 Nc6 5. Bb5 a6 6. Bxc6+ bxc6 7. Bb2 e6 8.
Ne5 c5 9. d3 Be7 10. O-O h5 11. Nd2 Ng4 12. Qf3 Nxe5 13. fxe5 g5 14. e4 dxe4
15. Nxe4 g4 16. Qf2 Qd5 17. Nd6+ cxd6 18. exd6 Rg8 19. dxe7 Kxe7 20. Rae1 Rg6
21. Qxf5 1-0

[Event "9. Forchheimer Sparkassen Open 2010"]
[Site "Forchheim"]
[Date "2010.10.02"]
[Round "3.12"]
[White "Wabra, Robert"]
[Black "Stephan, Michael"]
[Result "1-0"]
[WhiteElo "1685"]
[BlackElo "1862"]
[PlyCount "27"]
[EventDate "2010.??.??"]
[WhiteTeam "Thüringer SV Triebes"]
[BlackTeam "SC Forchheim e.V."]

1. d4 {[%emt 0:00:00]} Nf6 {[%emt 0:00:01]} 2. c4 {[%emt 0:00:02]} e6 {
[%emt 0:00:01]} 3. Nc3 {[%emt 0:00:03]} d5 {[%emt 0:00:01]} 4. Nf3 {
[%emt 0:00:02]} Bb4 {[%emt 0:00:02]} 5. Bg5 {[%emt 0:00:02]} h6 {[%emt 0:00:01]
} 6. Bxf6 {[%emt 0:00:03]} Qxf6 {[%emt 0:00:02]} 7. Qb3 {[%emt 0:00:03]} Bxc3+
{[%emt 0:00:02]} 8. Qxc3 {[%emt 0:00:03]} O-O {[%emt 0:00:02]} 9. cxd5 {
[%emt 0:00:03]} exd5 {[%emt 0:00:01]} 10. e3 {[%emt 0:00:07]} c6 {
[%emt 0:00:01]} 11. Bd3 {[%emt 0:00:02]} Bg4 {[%emt 0:00:03]} 12. Ne5 {
[%emt 0:00:02]} Qg5 {[%emt 0:00:02]} 13. h4 {[%emt 0:00:14]} Qh5 {
[%emt 0:00:02]} 14. f3 {[%emt 0:00:03]} 1-0

[Event "9. Forchheimer Sparkassen Open 2010"]
[Site "Forchheim"]
[Date "2010.10.02"]
[Round "3.14"]
[White "Balhar, Michael"]
[Black "Körber, Thomas"]
[Result "1/2-1/2"]
[WhiteElo "1812"]
[BlackElo "1979"]
[PlyCount "28"]
[EventDate "2010.??.??"]
[WhiteTeam "SC Erlangen 48/88"]
[BlackTeam "SF Fürth 1951 e.V."]

1. e4 {[%emt 0:00:00]} c5 {[%emt 0:00:02]} 2. Nf3 {[%emt 0:00:02]} d6 {
[%emt 0:00:01]} 3. Bb5+ {[%emt 0:00:02]} Bd7 {[%emt 0:00:01]} 4. Bxd7+ {
[%emt 0:00:02]} Qxd7 {[%emt 0:00:01]} 5. O-O {[%emt 0:00:02]} Nc6 {
[%emt 0:00:02]} 6. c3 {[%emt 0:00:02]} Nf6 {[%emt 0:00:01]} 7. Re1 {
[%emt 0:00:05]} g6 {[%emt 0:00:02]} 8. d4 {[%emt 0:00:03]} Bg7 {[%emt 0:00:03]}
9. dxc5 {[%emt 0:00:01]} dxc5 {[%emt 0:00:02]} 10. Qxd7+ {[%emt 0:00:02]} Nxd7
{[%emt 0:00:02]} 11. Bf4 {[%emt 0:00:03]} O-O {[%emt 0:00:02]} 12. Nbd2 {
[%emt 0:00:03]} Nde5 {[%emt 0:00:06]} 13. Nxe5 {[%emt 0:00:03]} Nxe5 {
[%emt 0:00:02]} 14. Bxe5 {[%emt 0:00:02]} Bxe5 {[%emt 0:00:02]} 1/2-1/2

[Event "9. Forchheimer Sparkassen Open 2010"]
[Site "Forchheim"]
[Date "2010.10.02"]
[Round "3.15"]
[White "Boudkeev, Timour"]
[Black "Petermann, Jan"]
[Result "1/2-1/2"]
[WhiteElo "1833"]
[BlackElo "1653"]
[PlyCount "52"]
[EventDate "2010.??.??"]
[WhiteTeam "SG Zürich"]
[BlackTeam "SV Puschendorf 1949 e.V."]

1. d4 b6 2. c4 e6 3. Nc3 c5 4. e3 cxd4 5. exd4 Bb7 6. Nf3 Nf6 7. Bd3 Be7 8. O-O
O-O 9. Bg5 d5 10. cxd5 Nxd5 11. Bxe7 Nxe7 12. Ne5 Nbc6 13. Be4 Rb8 14. Nxc6
Nxc6 15. d5 exd5 16. Bxd5 Ne7 17. Bxb7 Rxb7 18. Qf3 Rd7 19. Rfd1 Ng6 20. Rxd7
Qxd7 21. Rd1 Qe7 22. h3 h6 23. Nd5 Qe6 24. a3 Rd8 25. Nc7 Rxd1+ 26. Qxd1 Qe5
1/2-1/2

[Event "9. Forchheimer Sparkassen Open 2010"]
[Site "Forchheim"]
[Date "2010.10.02"]
[Round "3.16"]
[White "Schütz, Robert"]
[Black "Adelhütte, Dennis"]
[Result "0-1"]
[WhiteElo "1775"]
[BlackElo "1942"]
[PlyCount "92"]
[EventDate "2010.??.??"]
[WhiteTeam "SC Forchheim e.V."]
[BlackTeam "SC Erlangen 48/88"]

1. e4 e6 2. d4 d5 3. Nc3 Nf6 4. e5 Nfd7 5. Nf3 c5 6. dxc5 Bxc5 7. Bf4 Nc6 8. a3
Qb6 9. Na4 Bxf2+ 10. Ke2 Qb5+ 11. Kxf2 Qxa4 12. c4 Qxd1 13. Rxd1 Ne7 14. Bg5
dxc4 15. Bxc4 Ng6 16. Rhe1 h6 17. Bc1 O-O 18. Bb5 Nb6 19. Be3 Nd5 20. Bc5 Rd8
21. Bc4 b6 22. Bxd5 exd5 23. Bb4 Bb7 24. Nd4 Re8 25. e6 fxe6 26. Nxe6 Rac8 27.
Bc3 Re7 28. Re2 Rce8 29. Rde1 Bc8 30. Nd4 Rf7+ 31. Kg1 Rxe2 32. Rxe2 Ba6 33.
Re8+ Kh7 34. Re1 Nf4 35. g3 Nd3 36. Re3 Nc5 37. Kg2 Bf1+ 38. Kg1 Bh3 39. Rf3
Re7 40. Nf5 Bxf5 41. Rxf5 Rd7 42. Kf1 d4 43. Bb4 Nd3 44. Rb5 Nxb2 45. Be1 Nc4
46. Rb4 Nxa3 0-1

[Event "9. Forchheimer Sparkassen Open 2010"]
[Site "Forchheim"]
[Date "2010.10.02"]
[Round "3.17"]
[White "Mager, Denis"]
[Black "Schulz, Horst"]
[Result "1/2-1/2"]
[WhiteElo "1678"]
[BlackElo "1509"]
[PlyCount "102"]
[EventDate "2010.??.??"]
[WhiteTeam "SAbt TuS Makkabi Ffm"]
[BlackTeam "SC Höchstadt/Aisch"]

1. Nf3 d5 2. d4 c6 3. Bf4 Bf5 4. Nbd2 e6 5. e3 Nf6 6. Ne5 Nbd7 7. Bd3 Bxd3 8.
cxd3 Be7 9. O-O O-O 10. Qb3 Qb6 11. Bg5 Rfe8 12. Qxb6 Nxb6 13. Nb3 Nfd7 14. Bf4
Nxe5 15. Bxe5 Nd7 16. Bg3 b6 17. e4 Rac8 18. Rac1 c5 19. dxc5 Nxc5 20. Nxc5
Bxc5 21. Rfd1 dxe4 22. dxe4 Be7 23. Kf1 Rxc1 24. Rxc1 a5 25. Rc6 Bc5 26. Bd6
Bxd6 27. Rxd6 Rb8 28. Ke2 Kf8 29. Rd7 g6 30. Ke3 e5 31. Kd3 Ke8 32. Rc7 Rd8+
33. Kc2 Rd6 34. f3 Kf8 35. a4 h5 36. Kb3 h4 37. g3 hxg3 38. hxg3 g5 39. Rc3 f6
40. Ka3 Ke7 41. b4 Kd7 42. bxa5 bxa5 43. Kb3 Rd4 44. Ka3 Kd6 45. Kb3 Kd7 46. g4
Kd6 47. Ka3 Rb4 48. Rd3+ Rd4 49. Rc3 Rb4 50. Rc8 Rd4 51. Rc3 Rb4 1/2-1/2

[Event "9. Forchheimer Sparkassen Open 2010"]
[Site "Forchheim"]
[Date "2010.10.02"]
[Round "3.18"]
[White "Moskowicz, Daniel"]
[Black "Pokorny, Klaus"]
[Result "1-0"]
[WhiteElo "1562"]
[BlackElo "1807"]
[PlyCount "51"]
[EventDate "2010.??.??"]
[WhiteTeam "SC Forchheim e.V."]
[BlackTeam "TSV Kirchehrenbach"]

1. e4 e6 2. d4 d5 3. Nc3 Nf6 4. e5 Nfd7 5. Nf3 c5 6. dxc5 Bxc5 7. Bd3 Nc6 8.
Bf4 f6 9. Qe2 fxe5 10. Nxe5 Ndxe5 11. Bxe5 Nxe5 12. Qxe5 Qf6 13. Qxf6 gxf6 14.
O-O a6 15. Rfe1 Kf7 16. a3 Bd7 17. Rad1 Rac8 18. Ne2 e5 19. Be4 d4 20. Bxb7 Rb8
21. Bd5+ Be6 22. Bxe6+ Kxe6 23. b4 Ba7 24. Nxd4+ Kf7 25. Nc6 Rb7 26. Nd8+ 1-0

[Event "9. Forchheimer Sparkassen Open 2010"]
[Site "Forchheim"]
[Date "2010.10.02"]
[Round "3.19"]
[White "Steinmüller, Harald"]
[Black "Thürauf, Peter"]
[Result "0-1"]
[WhiteElo "1433"]
[BlackElo "1920"]
[PlyCount "62"]
[EventDate "2010.??.??"]
[WhiteTeam "Post-SV Memmingen e.V."]
[BlackTeam "SW Nürnberg Süd e.V."]

1. e4 c5 2. Nf3 e6 3. Nc3 d6 4. d4 cxd4 5. Nxd4 Nf6 6. Bd3 Nc6 7. Nf3 Be7 8.
O-O O-O 9. Re1 a6 10. a3 b5 11. b4 Bb7 12. Bg5 h6 13. Bd2 Rc8 14. Ne2 Qc7 15.
Ng3 Ne5 16. Rc1 Rfd8 17. Qe2 Nc4 18. Bxc4 Qxc4 19. Qd3 Nd7 20. Nd4 Ne5 21. Qxc4
Nxc4 22. Red1 Nxa3 23. c3 Nc4 24. Rb1 d5 25. exd5 Rxd5 26. Ne4 Rdd8 27. Ng3
Nxd2 28. Rxd2 Rxc3 29. Nge2 Rc4 30. Nf3 Rxd2 31. Nxd2 Rc2 0-1

[Event "9. Forchheimer Sparkassen Open 2010"]
[Site "Forchheim"]
[Date "2010.10.02"]
[Round "3.20"]
[White "Kraja, Dzemal"]
[Black "Schloetterer, Hermann"]
[Result "0-1"]
[WhiteElo "1660"]
[BlackElo "1980"]
[PlyCount "96"]
[EventDate "2010.??.??"]
[WhiteTeam "SC Forchheim e.V."]
[BlackTeam "SC Noris-Tarrasch Nürnberg 1873"]

1. e4 c5 2. Nf3 Nc6 3. d4 cxd4 4. Nxd4 Nf6 5. Nc3 e5 6. Nxc6 bxc6 7. Bg5 Be7 8.
Bc4 O-O 9. Bxf6 Bxf6 10. O-O Bb7 11. Qd3 d6 12. Rfd1 Be7 13. Ne2 Kh8 14. f4 f5
15. exf5 d5 16. Bb3 Qb6+ 17. Kh1 e4 18. Qh3 Qf2 19. Nd4 Rf6 20. Ne6 Rh6 21. Qg4
Bf6 22. Rf1 Qb6 23. c3 Ba6 24. Rfe1 Bd3 25. Qd1 Qf2 26. Ng5 Rf8 27. Nh3 Qxb2
28. Re3 Bxc3 29. Rc1 Bd2 30. Rc2 Bxc2 31. Qxd2 d4 32. Rxe4 d3 33. Ng5 Qf6 34.
Be6 g6 35. g4 gxf5 36. gxf5 Rh5 37. Rb4 h6 38. Nf7+ Rxf7 39. Bxf7 Qxf7 40. Rb8+
Kh7 41. Qc3 Rxf5 42. Qh8+ Kg6 43. Rg8+ Kh5 44. Rg7 Qd5+ 45. Kg1 Qd4+ 46. Kg2
Qe4+ 47. Kg1 d2 48. Rg6 d1=Q+ 0-1

[Event "9. Forchheimer Sparkassen Open 2010"]
[Site "Forchheim"]
[Date "2010.10.02"]
[Round "3.21"]
[White "Winkelmeier, Alfred"]
[Black "Koch, Christian"]
[Result "0-1"]
[WhiteElo "1753"]
[BlackElo "1500"]
[PlyCount "113"]
[EventDate "2010.??.??"]
[WhiteTeam "SV Ilmmünster"]
[BlackTeam "SC Höchstadt/Aisch"]

1. e4 e5 2. Bc4 Bc5 3. Nf3 Nc6 4. O-O d6 5. c3 Bg4 6. a4 a6 7. Qb3 Na5 8. Bxf7+
Kf8 9. Qa2 Bxf3 10. Bxg8 Rxg8 11. d4 exd4 12. gxf3 dxc3 13. bxc3 g5 14. Qe6 Qe7
15. Qh6+ Qg7 16. Qxg7+ Rxg7 17. Be3 Bxe3 18. fxe3 Nc4 19. Kf2 Rf7 20. Rg1 Ne5
21. Nd2 g4 22. f4 h5 23. Rab1 Nd3+ 24. Ke2 Nc5 25. a5 Re8 26. Rb4 Rfe7 27. Rgb1
Nxe4 28. Nxe4 Rxe4 29. Rxe4 Rxe4 30. Rxb7 Ra4 31. Rxc7 Ra2+ 32. Kf1 Rxh2 33.
Ra7 h4 34. Rxa6 Ra2 35. Rxd6 h3 36. Rh6 Rxa5 37. Rh4 Ra1+ 38. Kf2 Ra2+ 39. Kg1
Rg2+ 40. Kf1 Ke7 41. e4 Rg3 42. f5 Kf6 43. Rh6+ Kg5 44. Rg6+ Kh5 45. Rg8 Rxc3
46. Rh8+ Kg5 47. Rg8+ Kh4 48. Ke2 Kg3 49. f6 h2 50. Rh8 Rc8 51. Rh7 Kg2 52. Rh4
h1=Q 53. Rxg4+ Kh3 54. Rf4 Qh2+ 55. Ke3 Rc3+ 56. Kd4 Qxf4 57. Kxc3 0-1

[Event "9. Forchheimer Sparkassen Open 2010"]
[Site "Forchheim"]
[Date "2010.10.02"]
[Round "3.22"]
[White "Luther, Helmut"]
[Black "Heinlein, Hans-Albert"]
[Result "1-0"]
[WhiteElo "2020"]
[BlackElo "1378"]
[PlyCount "43"]
[EventDate "2010.??.??"]
[WhiteTeam "SW Nürnberg Süd e.V."]
[BlackTeam "SF Fürth 1951 e.V."]

1. d4 d5 2. Nf3 Nc6 3. c4 e6 4. Nc3 Bb4 5. cxd5 Bxc3+ 6. bxc3 exd5 7. e3 Nf6 8.
Ba3 Ne4 9. Qc1 Nd6 10. Bd3 O-O 11. O-O Re8 12. Rb1 a6 13. Qc2 g6 14. Rfe1 Ne4
15. c4 b6 16. Rec1 Bg4 17. cxd5 Qxd5 18. Qxc6 Qxc6 19. Rxc6 Bxf3 20. gxf3 Ng5
21. Kg2 Rec8 22. Rbc1 1-0

[Event "9. Forchheimer Sparkassen Open 2010"]
[Site "Forchheim"]
[Date "2010.10.02"]
[Round "3.23"]
[White "Stegmaier, Michael"]
[Black "Kean, Christopher"]
[Result "1-0"]
[WhiteElo "1850"]
[BlackElo "1661"]
[PlyCount "74"]
[EventDate "2010.??.??"]
[WhiteTeam "SC Tamm 74"]
[BlackTeam "SC Leinfelden"]

1. Nf3 Nf6 2. d4 g6 3. Nc3 Bg7 4. e4 d6 5. Be3 a6 6. h3 b5 7. Bd3 Bb7 8. a3
Nbd7 9. Qd2 c5 10. dxc5 Nxc5 11. Bxc5 dxc5 12. e5 Bxf3 13. exf6 Bxf6 14. gxf3
c4 15. Be4 Qxd2+ 16. Kxd2 Rd8+ 17. Ke2 Bxc3 18. Bc6+ Kf8 19. bxc3 Rd6 20. Bb7
Rb6 21. Bc8 Kg7 22. Bd7 Rd8 23. Rhd1 Rd6 24. Rxd6 exd6 25. Bc6 Kf6 26. a4 b4
27. cxb4 d5 28. b5 Rd6 29. c3 axb5 30. Bxb5 Kf5 31. a5 g5 32. a6 Kf4 33. a7
Re6+ 34. Kd2 Kxf3 35. a8=Q Kxf2 36. Qa2 Kf3 37. Rf1+ Kg3 {Rest unleserlich} 1-0

[Event "9. Forchheimer Sparkassen Open 2010"]
[Site "Forchheim"]
[Date "2010.10.02"]
[Round "3.24"]
[White "Üstün, Engin"]
[Black "Kuenne, Lutz  Dieter"]
[Result "1-0"]
[WhiteElo "1820"]
[BlackElo "1643"]
[PlyCount "45"]
[EventDate "2010.??.??"]
[WhiteTeam "SF Windheim e.V."]
[BlackTeam "Kings Club 98 Jena"]

1. e4 c5 2. Nf3 e6 3. d4 cxd4 4. Nxd4 a6 5. c4 Qc7 6. Nc3 Nf6 7. Be3 Be7 8. Be2
O-O 9. O-O d6 10. f4 Rd8 11. Rc1 Nbd7 12. Kh1 b6 13. f5 Bb7 14. fxe6 Nc5 15.
exf7+ Kxf7 16. Nd5 Bxd5 17. cxd5 Qb7 18. Bd3 Kg8 19. Qc2 Rac8 20. Nc6 Rd7 21.
Nxe7+ Rxe7 22. b4 Nfxe4 23. bxc5 1-0

[Event "9. Forchheimer Sparkassen Open 2010"]
[Site "Forchheim"]
[Date "2010.10.02"]
[Round "3.25"]
[White "Hauf, Nicolai"]
[Black "Dreiseitel, Werner"]
[Result "1-0"]
[WhiteElo "1789"]
[BlackElo "1487"]
[PlyCount "93"]
[EventDate "2010.??.??"]
[WhiteTeam "SK Leutershausen"]
[BlackTeam "SC Noris-Tarrasch Nürnberg 1873"]

1. c4 c6 2. g3 d5 3. Nf3 Nf6 4. Bg2 e6 5. O-O Nbd7 6. d4 dxc4 7. Qc2 b5 8. a4
Bb7 9. Rd1 Be7 10. Ne5 Qc8 11. b3 cxb3 12. Qxb3 a6 13. Ba3 Nxe5 14. Bxe7 Kxe7
15. dxe5 Nd7 16. f4 Rd8 17. Nc3 c5 18. axb5 Bxg2 19. Kxg2 Qb7+ 20. Kf2 axb5 21.
Qxb5 Qxb5 22. Nxb5 Rdc8 23. e4 Rxa1 24. Rxa1 c4 25. Ke3 c3 26. Rc1 c2 27. Nd4
Nb6 28. Rxc2 Rxc2 29. Nxc2 f6 30. exf6+ Kxf6 31. e5+ Kf7 32. Nd4 Nd5+ 33. Kf3
h6 34. Ke4 Nc3+ 35. Kd3 Nd5 36. Kc4 Ne3+ 37. Kc5 Nf1 38. Nf3 Ne3 39. Kd6 Nf5+
40. Kd7 g6 41. g4 Ng7 42. Nd4 g5 43. fxg5 hxg5 44. h3 Kg6 45. Nxe6 Kf7 46. Nxg7
Kxg7 47. e6 1-0

[Event "9. Forchheimer Sparkassen Open 2010"]
[Site "Forchheim"]
[Date "2010.10.02"]
[Round "3.26"]
[White "Weber, Daniel"]
[Black "Askri, Samir"]
[Result "1-0"]
[WhiteElo "1685"]
[BlackElo "1327"]
[PlyCount "73"]
[EventDate "2010.??.??"]
[WhiteTeam "SC Bechhofen 1923 e.V."]
[BlackTeam "SG Siemens Amberg"]

1. e4 c5 2. d4 cxd4 3. c3 e6 4. cxd4 d5 5. e5 Nc6 6. Nf3 Qb6 7. Nc3 Bb4 8. a3
Bxc3+ 9. bxc3 Bd7 10. a4 a5 11. Ba3 Rc8 12. Bc5 Qc7 13. Bd6 Qd8 14. Rb1 Nce7
15. Rxb7 Rxc3 16. Qa1 Rc8 17. Bd3 Nh6 18. O-O Nhf5 19. Bc5 Rxc5 20. dxc5 Qc8
21. Qb2 O-O 22. Qb6 Bxa4 23. g4 d4 24. gxf5 Bc6 25. Rxe7 Bxf3 26. f6 gxf6 27.
Ba6 Kh8 28. Ra1 Rg8+ 29. Kf1 Rg1+ 30. Kxg1 Qg8+ 31. Kf1 Qg2+ 32. Ke1 Qg1+ 33.
Bf1 Bg2 34. Qb5 Qxh2 35. Qe8+ Kg7 36. Qxf7+ Kh6 37. Qxh7+ 1-0

[Event "9. Forchheimer Sparkassen Open 2010"]
[Site "Forchheim"]
[Date "2010.10.02"]
[Round "3.27"]
[White "Mejerski, Stephan"]
[Black "Glawe, Ralf"]
[Result "1-0"]
[WhiteElo "1635"]
[BlackElo "1771"]
[PlyCount "65"]
[EventDate "2010.??.??"]
[WhiteTeam "SK Schmiden/Cannstatt"]
[BlackTeam "MTV Ingolstadt"]

1. e4 c5 2. f4 e6 3. Nf3 Nc6 4. Nc3 d6 5. Be2 Be7 6. O-O Nf6 7. d3 O-O 8. Kh1
Rb8 9. Qe1 b5 10. b3 Qc7 11. Nd1 d5 12. e5 Nd7 13. Nf2 f6 14. exf6 Bxf6 15. Rb1
e5 16. Ng4 Be7 17. fxe5 Ndxe5 18. Nfxe5 Nxe5 19. Nxe5 Qxe5 20. Bf3 Qd6 21. Bd2
Bf6 22. Bf4 Qb6 23. Bxb8 Qxb8 24. Bxd5+ Kh8 25. Qf2 Qd6 26. Be4 Be6 27. c4 Rb8
28. Rbe1 b4 29. Qf3 h6 30. Bf5 Bf7 31. Qe4 Rd8 32. Qb7 a6 33. Qxf7 1-0

[Event "9. Forchheimer Sparkassen Open 2010"]
[Site "Forchheim"]
[Date "2010.10.02"]
[Round "3.28"]
[White "Becker, Ralph"]
[Black "Gründel, Josef"]
[Result "1-0"]
[WhiteElo "1755"]
[BlackElo "1306"]
[PlyCount "65"]
[EventDate "2010.??.??"]
[WhiteTeam "SC 1975 Paimar"]
[BlackTeam "SC Forchheim e.V."]

1. c4 c5 2. Nf3 Nc6 3. Nc3 Nf6 4. d4 d6 5. e4 Bg4 6. dxc5 dxc5 7. Be3 e6 8. Be2
Bd6 9. O-O Bxf3 10. Bxf3 Ne5 11. Be2 h5 12. Bg5 a6 13. f4 Neg4 14. Bxg4 hxg4
15. e5 g3 16. h3 Bc7 17. exf6 gxf6 18. Qa4+ Ke7 19. Rad1 Bd6 20. Bxf6+ Kxf6 21.
Ne4+ Kg7 22. Rxd6 Qc7 23. Qd7 Rac8 24. Ng5 Kg6 25. Nxf7 Qxd7 26. Rxd7 Rhf8 27.
Ne5+ Kf6 28. Rxb7 Kf5 29. Rb3 Rg8 30. Nf7 Kg6 31. Ng5 Rcd8 32. Rxg3 Rd2 33.
Ne4+ 1-0

[Event "9. Forchheimer Sparkassen Open 2010"]
[Site "Forchheim"]
[Date "2010.10.02"]
[Round "3.29"]
[White "Lingl, Peter"]
[Black "Schwab, Edgar"]
[Result "0-1"]
[WhiteElo "1743"]
[BlackElo "1946"]
[PlyCount "78"]
[EventDate "2010.??.??"]
[WhiteTeam "SV Puschendorf 1949 e.V."]
[BlackTeam "SC Forchheim e.V."]

1. e4 e5 2. Nf3 Nc6 3. Bc4 Bc5 4. d3 Nf6 5. c3 h6 6. b4 Bd6 7. Be3 O-O 8. Nbd2
a6 9. Nf1 Be7 10. Ng3 d5 11. exd5 Nxd5 12. Bd2 Be6 13. O-O b5 14. Bb3 f6 15.
Nh4 Qe8 16. Bc2 f5 17. Nf3 Rd8 18. Re1 Bd6 19. Nh4 g5 20. Nf3 Rd7 21. a4 Re7
22. axb5 axb5 23. Ra6 Bc8 24. Ra1 Kg7 25. h4 g4 26. Bxh6+ Kxh6 27. Qd2+ f4 28.
Nh2 Kg7 29. Ne4 Nf6 30. d4 Nxe4 31. Bxe4 exd4 32. Bxc6 Qxc6 33. Qxd4+ Rf6 34.
Rxe7+ Bxe7 35. Re1 Qd6 36. h5 Qxd4 37. Rxe7+ Kf8 38. cxd4 Kxe7 39. f3 g3 0-1

[Event "9. Forchheimer Sparkassen Open 2010"]
[Site "Forchheim"]
[Date "2010.10.02"]
[Round "3.30"]
[White "Hummel, Thomas"]
[Black "Sammer, Fabian"]
[Result "1-0"]
[WhiteElo "1715"]
[BlackElo "1267"]
[PlyCount "69"]
[EventDate "2010.??.??"]
[WhiteTeam "TSV Dietfurt/Altm. e.V."]
[BlackTeam "SV Puschendorf 1949 e.V."]

1. b4 e5 2. Bb2 d6 3. e3 Nc6 4. a3 a6 5. c4 Be6 6. Nf3 Nge7 7. d4 exd4 8. exd4
d5 9. c5 Qd7 10. Nbd2 Bg4 11. Be2 g6 12. O-O Bg7 13. b5 axb5 14. Bxb5 O-O 15.
Qb3 Nf5 16. Bc3 Bxf3 17. Nxf3 Nfxd4 18. Bxd4 Bxd4 19. Bxc6 Bxf2+ 20. Rxf2 Qxc6
21. Rc2 Ra5 22. Qc3 Rfa8 23. Ne5 Qa4 24. Rf2 Rf8 25. h3 Ra6 26. Ng4 h5 27. Nf6+
Rxf6 28. Rxf6 c6 29. Qb4 Qa7 30. Raf1 Qb8 31. a4 Qc8 32. Qf4 Qd7 33. Rxg6+ fxg6
34. Qxf8+ Kh7 35. Rf7+ 1-0

[Event "9. Forchheimer Sparkassen Open 2010"]
[Site "Forchheim"]
[Date "2010.10.02"]
[Round "3.31"]
[White "Salberg, Evelyne"]
[Black "Wissel, Daniel"]
[Result "0-1"]
[WhiteElo "1369"]
[BlackElo "1685"]
[PlyCount "42"]
[EventDate "2010.??.??"]
[WhiteTeam "SV Bammersdorf"]
[BlackTeam "SF Sailauf"]

1. d4 Nf6 2. g3 e6 3. Bg2 d5 4. Nf3 c5 5. O-O Nc6 6. c3 Bd6 7. Bg5 h6 8. Bxf6
Qxf6 9. Re1 O-O 10. Nbd2 cxd4 11. Qc2 dxc3 12. bxc3 Bd7 13. Rad1 Rac8 14. Nc4
Nb4 15. cxb4 Rxc4 16. Qd3 Bxb4 17. Nd2 Rd4 18. Qc2 Rc8 19. Qb2 Ba4 20. e3 Rxd2
21. Qxb4 Qxf2+ 0-1

[Event "9. Forchheimer Sparkassen Open 2010"]
[Site "Forchheim"]
[Date "2010.10.02"]
[Round "3.33"]
[White "Wichmann, Adrian"]
[Black "Becker, Matthias"]
[Result "0-1"]
[WhiteElo "1265"]
[BlackElo "1828"]
[PlyCount "52"]
[EventDate "2010.??.??"]
[WhiteTeam "SV Seubelsdorf"]
[BlackTeam "SC 1975 Paimar"]

1. e4 e6 2. d4 d5 3. exd5 exd5 4. Bd3 Bd6 5. Ne2 Nf6 6. Bg5 Bg4 7. f3 Bh5 8.
O-O Bg6 9. Nbc3 c6 10. Re1 O-O 11. Nf4 Bxd3 12. Qxd3 h6 13. Bxf6 Qxf6 14. Nfe2
Nd7 15. Rad1 Rfe8 16. Nc1 Rxe1+ 17. Rxe1 Bxh2+ 18. Kf1 Bg3 19. Re3 Bf4 20. Re1
Qh4 21. N1e2 Re8 22. Qd1 Be3 23. Ng3 Qxg3 24. Qe2 Qh2 25. Qd3 Qg1+ 26. Ke2 Bf2+
0-1

[Event "9. Forchheimer Sparkassen Open 2010"]
[Site "Forchheim"]
[Date "2010.10.02"]
[Round "3.34"]
[White "Tong, Kevin"]
[Black "Walch, Roger"]
[Result "1/2-1/2"]
[WhiteElo "1261"]
[BlackElo "1734"]
[PlyCount "85"]
[EventDate "2010.??.??"]
[WhiteTeam "SC Erlangen 48/88"]
[BlackTeam "SW Nürnberg Süd e.V."]

1. e4 e6 2. d4 d5 3. Nc3 Nf6 4. exd5 exd5 5. Bd3 Be7 6. Nf3 O-O 7. O-O Nc6 8.
Ne2 Bg4 9. Kh1 Nb4 10. Bb5 c6 11. Ba4 b5 12. Bb3 Na6 13. Ne5 h6 14. Nxc6 Qc7
15. Ne5 Rfe8 16. f3 Bf5 17. Nc3 Qb7 18. Bf4 Rad8 19. Rg1 Bh7 20. h4 Nh5 21. Bd2
Ng3+ 22. Kh2 Bxh4 23. Be1 Nf5 24. Bxh4 Nxh4 25. f4 Ng6 26. Qf3 Nc7 27. g4 b4
28. Na4 Nxe5 29. fxe5 Be4 30. Qf2 Ne6 31. Raf1 Ng5 32. Rg3 Qe7 33. Nc5 Rc8 34.
c3 Bg6 35. Bxd5 Rxc5 36. dxc5 Qxe5 37. Bg2 bxc3 38. bxc3 f6 39. Qd4 Qc7 40. Qd6
Qa5 41. Kg1 Kh7 42. Bc6 Rd8 43. Qe7 1/2-1/2

[Event "9. Forchheimer Sparkassen Open 2010"]
[Site "Forchheim"]
[Date "2010.10.02"]
[Round "3.35"]
[White "Veitl, Rudolf"]
[Black "Wohlfahrt, Dr. Michael"]
[Result "1/2-1/2"]
[WhiteElo "1261"]
[BlackElo "1743"]
[PlyCount "112"]
[EventDate "2010.??.??"]
[WhiteTeam "SV Deggendorf"]
[BlackTeam "SAbt TSF Welzheim"]

1. e4 c5 2. Nf3 Nc6 3. d4 cxd4 4. Nxd4 Nf6 5. Nc3 e5 6. Nxc6 bxc6 7. Bg5 Be7 8.
Bc4 O-O 9. O-O Nxe4 10. Bxe7 Qxe7 11. Nxe4 d5 12. Bxd5 cxd5 13. Qxd5 Bb7 14.
Qd6 Qh4 15. Ng3 Qf4 16. Rfe1 Rfe8 17. Rad1 Qg5 18. Qd2 Qg6 19. c4 h5 20. h4 Qc6
21. Qd5 Qxd5 22. cxd5 Rad8 23. d6 Re6 24. Nxh5 f6 25. Ng3 Rexd6 26. Rxd6 Rxd6
27. a3 Rd4 28. h5 Kh7 29. f3 a5 30. Kf2 Ba6 31. Nf1 Kh6 32. g4 Kg5 33. Kg3 Rd3
34. Ne3 Rd2 35. b4 axb4 36. axb4 Rb2 37. Nf5 g6 38. hxg6 Kxg6 39. Ne7+ Kf7 40.
Nd5 Bb7 41. Rd1 Bxd5 42. Rxd5 Rxb4 43. Rd3 Kg6 44. Kh4 Rb1 45. Rd2 Rh1+ 46. Kg3
Kg5 47. Rd8 Rg1+ 48. Kf2 Ra1 49. Kg3 Ra3 50. Rg8+ Kh6 51. Re8 Kg7 52. Kf2 Kf7
53. Rb8 Rd3 54. Ke2 Rd6 55. Ke3 Ke6 56. Rb4 Ra6 1/2-1/2

[Event "9. Forchheimer Sparkassen Open 2010"]
[Site "Forchheim"]
[Date "2010.10.02"]
[Round "3.36"]
[White "Körber, Christian"]
[Black "Dresel, Martin"]
[Result "1-0"]
[WhiteElo "1690"]
[BlackElo "1250"]
[PlyCount "53"]
[EventDate "2010.??.??"]
[WhiteTeam "SF Fürth 1951 e.V."]
[BlackTeam "SC Erlangen 48/88"]

1. d4 Nf6 2. Nf3 d5 3. e3 Bg4 4. b3 c6 5. Bb2 e6 6. Nbd2 Nbd7 7. Be2 Bf5 8. O-O
Be7 9. c4 O-O 10. Rc1 Rc8 11. Ne5 dxc4 12. Ndxc4 c5 13. Bd3 Bxd3 14. Qxd3 b6
15. Rfd1 Nd5 16. Nxd7 Qxd7 17. dxc5 Qb5 18. cxb6 Nxb6 19. Ne5 Qa5 20. Nc6 Qxa2
21. Nxe7+ Kh8 22. Qd4 f6 23. Nxc8 Nxc8 24. Rxc8 Kg8 25. Rxf8+ Kxf8 26. Ba3+
Qxa3 27. Qd6+ 1-0